Podstata rizikového kapitálu

Moderná definícia rizikového kapitálu. Genéza rizikového financovania. Rizikový kapitál inak - od svojej podstaty.

Gespeichert in:
Bibliographische Detailangaben
1. Verfasser: Dudáš, Ladislav
Format: Buchkapitel
Sprache:Slowakisch
Schlagworte:
Tags: Tag hinzufügen
Keine Tags, Fügen Sie das erste Tag hinzu!

MARC

LEADER 00000nla$a2200000$$$4500
001 0068395
005 20240502071827.4
041 0 |a slo 
044 |a SK 
245 1 0 |a Podstata rizikového kapitálu  |c Ladislav Dudáš 
520 |a Moderná definícia rizikového kapitálu. Genéza rizikového financovania. Rizikový kapitál inak - od svojej podstaty. 
610 2 0 |a kapitál rizikový 
610 2 0 |a podnikanie 
610 2 0 |a podnikatelia 
610 2 0 |a investície 
610 2 0 |a investovanie 
610 2 0 |a financie 
610 2 0 |a trh 
610 2 0 |a história 
100 1 |a Dudáš, Ladislav